000 00626nam a22001937a 4500
003 OSt
005 20180927103002.0
008 180220b xxu||||| |||| 00| 0 spa d
040 _cPJ
100 _92392
_aMercader, Amilcar
245 1 3 _aEl tercero en el proceso /
_cAmilcar Mercader; prólogo de Santiago Sentis Melendo.
260 _aBuenos Aires :
_cAbeledo-Perrot,
_b1960.
300 _a99 p.
_c19 cm.
490 _aMonografías Jurídicas
_v34
650 0 _91148
_aDERECHO PROCESAL CIVIL
650 0 _92362
_aPARTES DEL PROCESO
650 0 _92363
_aINTERVENCIÓN DE TERCEROS
942 _2udc
_cLIB
_h347.921.3
_iMER
999 _c1568
_d1568